| 000 | 00340nam a2200121Ia 4500 | ||
|---|---|---|---|
| 008 | 100122s9999 xx 000 0 und d | ||
| 082 | _b12663 | ||
| 245 | _aRICHIE RICH MONEY WORLD DIGEST MAGAZINE | ||
| 300 | _a95 | ||
| 630 | _aRICHIE RICH MONEY WORLD DIGEST MAGAZINE | ||
| 730 | _aRICHIE RICH MONEY WORLD DIGEST MAGAZINE | ||
| 942 | _cBOOK | ||
| 999 |
_c386182 _d386179 |
||